000 00270nam a22001217a 4500
040 _cSCME
100 _aTimothy P.Lodge,Paul C.hiemenz
_992088
245 _aPolymer chemistry
250 _a3rd.
260 _auk
_bCRC Press
_c2020
300 _a661p.
942 _2ddc
_cBK
999 _c590196
_d590196